| 000 | 00560nam a22002057a 4500 | ||
|---|---|---|---|
| 999 |
_c525021 _d525021 |
||
| 003 | NUST | ||
| 020 | _a978-969-593-195-0 | ||
| 038 | _aFaiza | ||
| 082 |
_a891.421 _bANJ |
||
| 100 |
_aAnjum, Nasreen _915001 |
||
| 245 |
_aShamlat / _cNasreen Anjum |
||
| 250 | _a1st ed. | ||
| 260 |
_aLahore : _bSanjh Publications, _c2016. |
||
| 300 | _a95 p. ; | ||
| 500 | _aPapercover. | ||
| 880 |
_6100-01\r _aنسرین انجم |
||
| 880 |
_6245-02\r _aشاملاٹ / |
||
| 880 |
_6260-03\r _aلاہور : _bسانجھ پبلیکیشنز, _c۲۰۱۶. |
||
| 942 |
_2ddc _cBK |
||